00893nab a2200265 uc450000100070000000500170000700800410002403500110006503500210007604000130009704100080011010000430011824500440016165000300020565000270023565000290026265000270029165000300031865000410034865000350038965000250042465000280044965000420047777301080051970188420240831090216.0011029e19910801 fre  a701884 a(OCoLC)819920743 ccomduadb afre10aAbdallah-Pretceille, Martine4auteaut10aLangues(s), culture(s) et communication aApprentissage des langues 0aEnseñanza de idiomas aEnseignement des langues aRecherche en education aInvestigación educativa aInvestigación en la comunicación aRecherche sur la communication aPromoción cultural aDiffusion de la culture 7aLenguaje y lenguasxEnseñanza2lemb0 tLe Francais dans le Monde (France)gNumero special, Aou.-Sep. 1991, p. 95-102w179704x0015-9395082669